| 000 | 00663nam a22001337a 4500 | ||
|---|---|---|---|
| 040 | _cRUA | ||
| 082 | _aAGR HUY 2013 B054 Or.1 | ||
| 100 | _aHUY, LALIN. | ||
| 245 | _aFarmers' techniques in harvesting and storing pepper product in kampong trach district kompot province បច្ចេកទេសប្រមូលផល និងទុកដាក់ផលម្រេចរបស់កសិករនៅស្រុកកំពង់ត្រាច ខេត្តកំពត | ||
| 260 |
_aPhnom Penh _bRUA _c2013 |
||
| 300 |
_ax; 45p. _bill. _c29cm. |
||
| 856 | _uhttps://drive.google.com/file/d/1aYg-qFRq3OasUaATUMftUH4LSsaE8hdk/view?usp=sharing | ||
| 942 | _cAGR | ||
| 999 |
_c1272 _d1272 |
||